Państwa kończące się na -stan - Statystyki

Ogólne statystyki
  • Ten quiz został rozwiązany 63 razy
  • Średni wynik to 6 z 7
Statystyki odpowiedzi
Podpowiedz Odpowiedz % Poprawnych
Na "P" Pakistan
96%
Na "T" Tadzykistan/tadżykistan
96%
Na "K Kirgistan
95%
Na "U" Uzbekistan
95%
Na "A" Afganistan
93%
Na "T" Turkmenistan
91%
Na "K" Kazachstan
80%
Nie znaleziono quizów pasujących do podanych kryteriów
Rozkład punktacji
Procent ludzi z każdym wynikiem
Percentyl według liczby udzielonych odpowiedzi
Twoja historia wyników
Nie rozwiązałeś tego quizu